000 00822nam a22002897a 4500
001 0041648
003 KOHA_MİRAKIL
005 20260207003244.0
007 ta
008 130730b2012 tu |||gr||||#||||0|tur |
020 _a9786056333903
040 _aTR-BiSEU
_btur
_cTR-BiSEU
_erda
041 0 _atur
044 _ctu
050 _aQB500.22
_b.B57 2012
100 1 _aBirand, Altay A..
245 1 _aFizikten metafiziğe metafizikten fiziğe evrenin sırrı?/
_cAltay A. Birand ; Altay A. Birand .
264 1 _aAnkara :
_bHyperion
_c2012
300 _a95 sayfa ;
_c21 cm.
336 _ametin
_btxt
_2rdacontent
337 _aaracısız
_bn
_2rdamedia
338 _acilt
_bnc
_2rdacarrier
650 0 _aCosmography.
_98781
650 0 _aCosmology.
_98782
650 0 _aAstronomy.
_98783
942 _2lcc
_cBK
999 _c41498
_d41498